000 00406nam a2200157Ia 4500
008 240729s9999 xx 000 0 und d
022 _a1891-5469
245 0 _aJournal of Electrical Bioimpedance
260 _aPoland
260 _bSciendo
650 _a Medicine (General)
650 _aMedicine
856 _uhttps://doaj.org/toc/36162a7751894fc7995184b8f69c7d50
942 _2ddc
942 _cDOAJEJ
999 _c70339
_d70339
945 _a1
_bMadushi Gamage
_c1
_dMadushi Gamage